000
00325nam a2200109Ia 4500
008
190415s9999 xx 000 0 und d
082
_a
332.170954 NAT-I
100
_a
D.A.V. College, Malout(Punjab)
245
0
_a
Indian banking: managing transformation in globlization & information technology
300
_a
v.p.
942
_c
BK
999
_c
15377
_d
15377